Statistics for Quotes

Click here to take the quiz!

General Stats

  • This quiz has been taken 19 times
  • The average score is 5 of 16

Answer Stats

HintAnswer% Correct
I came, I saw, I conqueredJulius Caesar
100%
If the people have no bread, let them eat cakeMarie Antoinette
71%
Workers of the world unite; you have nothing to lose but your chainsKarl Marx
50%
I fear not the man who has practiced 10,000 kicks once, but I fear the man who has practiced one kick 10,000 timesBruce Lee
43%
Live as if you were to die tomorrow. Learn as if you were to live foreverMahatma Gandhi
43%
A journey of a thousand miles must begin with a single stepLao Tzu
36%
Success consists of going from failure to failure without loss of enthusiasmWinston Churchill
36%
I spent a lot of money on booze, birds, and fast cars. The rest I just squanderedGeorge Best
29%
I went to the woods because I wished to live deliberately, to front only the essential facts of life, and see if I could not learn what it had to teach, and not, when I came to die, discover that I had not livedHenry David Thoreau
29%
The future belongs to those who believe in the beauty of their dreamsElanor Roosevelt
21%
The only person you are destined to become is the person you decide to beRalph Waldo Emerson
14%
You miss 100% of the shots you don't takeWayne Gretzky
14%
Love the life you live. Live the life you loveBob Marley
7%
There is only one day left, always starting over: it is given to us at dawn and taken away from us at duskJean-Paul Sartre
7%
Help me to do it myselfMaria Montessori
7%
It always seems impossible until it's doneNelson Mandela
0%

Score Distribution

Percentile by Number Answered

Percent of People with Each Score

Your Score History

You have not taken this quiz